Social structure and change Vol 2: women in Indian society (Record no. 171826)
[ view plain ]
| 000 -LEADER | |
|---|---|
| fixed length control field | 00603nam a2200217Ia 4500 |
| 003 - CONTROL NUMBER IDENTIFIER | |
| control field | OSt |
| 005 - DATE AND TIME OF LATEST TRANSACTION | |
| control field | 20230510121225.0 |
| 008 - FIXED-LENGTH DATA ELEMENTS--GENERAL INFORMATION | |
| fixed length control field | 210423s1996 xx 000 0 und d |
| 040 ## - CATALOGING SOURCE | |
| Transcribing agency | AL |
| 041 ## - LANGUAGE CODE | |
| Language code of text/sound track or separate title | eng |
| 082 ## - DEWEY DECIMAL CLASSIFICATION NUMBER | |
| Classification number | 303.4 |
| Edition number | 23 |
| Item number | SHAS |
| 100 ## - MAIN ENTRY--PERSONAL NAME | |
| Personal name | SHAH (A M);others. |
| 9 (RLIN) | 101947 |
| 245 ## - TITLE STATEMENT | |
| Title | Social structure and change Vol 2: women in Indian society |
| 260 ## - PUBLICATION, DISTRIBUTION, ETC. | |
| Place of publication, distribution, etc. | New Delhi |
| Name of publisher, distributor, etc. | Sage Publications |
| Date of publication, distribution, etc. | 1996 |
| 300 ## - PHYSICAL DESCRIPTION | |
| Extent | 214 |
| Other physical details | PB |
| 365 ## - TRADE PRICE | |
| Price amount | 165 |
| Currency code | INR |
| 440 ## - SERIES STATEMENT/ADDED ENTRY--TITLE | |
| Volume/sequential designation | 2 |
| 650 ## - SUBJECT ADDED ENTRY--TOPICAL TERM | |
| Topical term or geographic name entry element | Social Change |
| 9 (RLIN) | 101948 |
| 906 ## - LOCAL DATA ELEMENT F, LDF (RLIN) | |
| a | 2. ; change: ; Indian ; Social ; society. ; structure ; women |
| 942 ## - ADDED ENTRY ELEMENTS (KOHA) | |
| Source of classification or shelving scheme | Dewey Decimal Classification |
| Koha item type | Book |
| Withdrawn status | Lost status | Damaged status | Not for loan | Collection code | Home library | Current library | Date acquired | Source of acquisition | Cost, normal purchase price | Total Checkouts | Full call number | Barcode | Date last seen | Price effective from | Koha item type |
|---|---|---|---|---|---|---|---|---|---|---|---|---|---|---|---|
| MSW | St Aloysius PG Library | St Aloysius PG Library | 08/30/2001 | Book World | 165.00 | 303.4 SHAS | PG018355 | 08/24/2022 | 04/26/2021 | Book |